Chosen Challanges of the EU Migration Policy

Výzvy migračnej politiky EÚ. Výzvy formujúce súčasnú migračnú politiku - vytvorenie schengenského priestoru a následný vývoj európskej migračnej politiky, európska migračná kríza z roku 2015 a následné vytvorenie Európskej migračnej krízy. Európska migračná agenda. Pandémia COVID-19 ako aktuálny pro...

ver descrição completa

Na minha lista:
Detalhes bibliográficos
Autor principal: Zrak, Andrej, 1993-
Formato: Capítulo de Livro
Idioma:inglês
Assuntos:
Tags: Adicionar Tag
Sem tags, seja o primeiro a adicionar uma tag!

MARC

LEADER 00000naa$a2200000$$$4500
001 0272537
005 20240502074309.2
041 0 |a eng 
044 |a SK 
245 1 0 |a Chosen Challanges of the EU Migration Policy  |c Andrej Zrak 
520 |a Výzvy migračnej politiky EÚ. Výzvy formujúce súčasnú migračnú politiku - vytvorenie schengenského priestoru a následný vývoj európskej migračnej politiky, európska migračná kríza z roku 2015 a následné vytvorenie Európskej migračnej krízy. Európska migračná agenda. Pandémia COVID-19 ako aktuálny problém ovplyvňujúci migráciu v EÚ. 
610 2 0 |a politika migračná 
610 2 0 |a migrácia 
610 2 0 |a koronavírus 
610 2 0 |a kríza 
610 2 0 |a Európska únia 
100 1 |a Zrak, Andrej, 1993-